| 000 | 00616nam a2200205 4500 | ||
|---|---|---|---|
| 003 | DO-SdBNP | ||
| 005 | 20180221113116.0 | ||
| 008 | 170116b 2006 xxu a00| 0 spa d | ||
| 020 | _a9782764119907 | ||
| 040 |
_aBPMSU _bspa _cBPMSU |
||
| 082 | 4 |
_axxxxx _bxxxxx |
|
| 100 | 1 | _aValliére, Nathalie | |
| 245 | 1 |
_aExploremos los océanos del mundo / _cNathalie Valliére ; traducción María Mercedes Correa |
|
| 260 |
_aMontreal, Canada : _bLexus , _c2006. |
||
| 300 |
_a27 p. : _bil. ; _c26 cm. |
||
| 700 | 1 |
_aMercedes Correa, María, _etr. |
|
| 942 |
_2ddc _cBK |
||
| 945 | _aInventariado, 2018 / BT | ||
| 956 | _adgarcia | ||
| 999 |
_c12464 _d12464 |
||